000 00728cab a2200229 4500
001 WB3137-36
008 090401t1995 xxu||||| |||| 00| 0 eng d
035 _a(Sirsi) u16537
041 _aeng
245 _aTalks open on future of leases
260 _c1995
350 _a0
490 _aPlanning Week
_v5 October 1995, 12(1)
520 _aThe Association of British Insurers has organised a working party of fund managers to decide how to treat leases under the privity of contract law, coming into force in 1996.
650 _aASSIGNEES
650 _aLANDLORD AND TENANT (COVENANTS) ACT 1995
650 _aLEASES
690 _aLAND
690 _aPROPERTY-LANDLORD AND TENANT
942 _n0
948 _c04/03/1997
999 _c10899
_d10899